| 000 | 01113nam a2200313 i 4500 | ||
|---|---|---|---|
| 001 | 000016691 | ||
| 003 | DO-SdBNP | ||
| 005 | 20240916142455.0 | ||
| 007 | ta | ||
| 008 | 100309s1975 dr 000 0 spa d | ||
| 040 |
_aDO-SdBNP _bspa _cBNPHU _erda |
||
| 041 | _aspa | ||
| 082 | 4 |
_a421.0246176 _bG216e _222 |
|
| 100 | 1 |
_aGarcía-Godoy Mosher, Federico M., _d1949- _937042 _eautor _4aut. |
|
| 245 | 1 | 0 |
_aEnglish in dental practice / _cFederico M. García-Godoy Mosher. |
| 250 | _aPrimera edición | ||
| 264 |
_aSanto Domingo, Rep. Dom. : _bEditoa Alfa y Omega, _c1975. |
||
| 300 |
_a148 páginas ; _c23 cm. |
||
| 336 |
_atexto _btxt _2rdacontent |
||
| 337 |
_asin mediación _bn _2rdamedia |
||
| 338 |
_avolumen _bnc _2rdacarrier |
||
| 500 | _aIncluye datos biográficos del autor en la contracubierta | ||
| 590 | _aLa biblioteca posee 1 ejemplar autografiado por el autor | ||
| 590 | _aInventariado, 2024/BT | ||
| 650 | 4 |
_aInglés _985762 _xLibros de texto para extranjeros _xEspañol |
|
| 650 | 4 |
_aOdontólogos _vDiccionarios _985770 |
|
| 910 | _aValidado. Control de calidad MFF | ||
| 942 |
_2ddc _cLBS1 |
||
| 999 |
_c16224 _d16224 |
||